[Event "Lienz op 21st"]
[Site "Lienz"]
[Date "2023.02.12"]
[Round "2"]
[White "Schneider Zinner, Harald"]
[Black "Walder, Elias"]
[Result "1/2-1/2"]
[WhiteElo "2357"]
[BlackElo "2025"]
[PlyCount "52"]
[EventDate "2023.02.11"]
[EventType "swiss"]
[EventRounds "9"]
[EventCountry "AUT"]
[SourceTitle "CBM 212 Extra"]
[Source "ChessBase"]
[SourceDate "2023.03.31"]
[SourceVersion "1"]
[SourceVersionDate "2023.03.31"]
[SourceQuality "1"]

1. Nf3 e6 2. c4 Nf6 3. g3 c5 4. Bg2 d5 5. cxd5 Nxd5 6. d4 Nc6 7. 0-0 Be7 8. Nc3 Nxc3 9. bxc3 0-0 10. a4 Bd7 11. e3 Rc8 12. Qe2 Qc7 13. Bd2 Rfd8 14. Rfb1 b6 15. h4 Be8 16. Be1 e5 17. Rd1 exd4 18. cxd4 cxd4 19. exd4 Bf6 20. Bc3 Ne7 21. Rdc1 Bc6 22. a5 Nd5 23. axb6 Nxc3 24. Rxc3 Qxb6 25. Rac1 Bxf3 26. Qxf3 Rxc3 1/2-1/2

[Event "AUT-chT 2122"]
[Site "Austria"]
[Date "2022.04.23"]
[Round "11.1"]
[White "Novkovic, Milan"]
[Black "Schneider Zinner, Harald"]
[Result "1-0"]
[WhiteElo "2355"]
[BlackElo "2371"]
[PlyCount "57"]
[EventDate "2021.11.04"]
[EventType "team-tourn"]
[EventRounds "11"]
[EventCountry "AUT"]
[SourceTitle "EXT 2023"]
[Source "ChessBase"]
[SourceDate "2022.10.05"]
[SourceVersion "1"]
[SourceVersionDate "2022.10.05"]
[SourceQuality "1"]
[WhiteTeam "Hohenems"]
[BlackTeam "Wien Ottakring"]
[WhiteTeamCountry "AUT"]
[BlackTeamCountry "AUT"]

1. d4 d5 2. c4 e6 3. Nc3 Nf6 4. cxd5 exd5 5. Bg5 c6 6. e3 h6 7. Bh4 Be6 8. Bd3 Nbd7 9. Nge2 g5 10. Bg3 Nh5 11. Qc2 Nxg3 12. Nxg3 h5 13. 0-0-0 Qc7 14. h4 g4 15. Nce2 Bd6 16. Nf5 Bxf5 17. Bxf5 0-0-0 18. g3 Kb8 19. Kb1 Nf6 20. Rd3 Rhe8 21. Rc1 Re7 22. Qa4 Ne4 23. Bxe4 Rxe4 24. Nc3 Qd7 25. Nxe4 dxe4 26. Rb3 Ka8 27. d5 c5 28. Qxe4 f5 29. Qe6 1-0

[Event "AUT-chT 2122"]
[Site "Austria"]
[Date "2022.04.21"]
[Round "9.2"]
[White "Schneider Zinner, Harald"]
[Black "Poetz, Florian"]
[Result "1/2-1/2"]
[WhiteElo "2371"]
[BlackElo "2421"]
[PlyCount "121"]
[EventDate "2021.11.04"]
[EventType "team-tourn"]
[EventRounds "11"]
[EventCountry "AUT"]
[SourceTitle "EXT 2023"]
[Source "ChessBase"]
[SourceDate "2022.10.05"]
[SourceVersion "1"]
[SourceVersionDate "2022.10.05"]
[SourceQuality "1"]
[WhiteTeam "Wien Ottakring"]
[BlackTeam "Fuerstenfeld/Hartberg"]
[WhiteTeamCountry "AUT"]
[BlackTeamCountry "AUT"]

1. d4 Nf6 2. Nf3 e6 3. g3 b5 4. e3 a6 5. a4 b4 6. Bg2 Bb7 7. 0-0 Be7 8. c4 0-0 9. b3 d5 10. Nbd2 c5 11. Bb2 Nbd7 12. Rc1 Rc8 13. Qe2 cxd4 14. Nxd4 Nc5 15. Rfd1 Qb6 16. cxd5 Bxd5 17. Nc4 Qb8 18. Bxd5 Nxd5 19. Nf5 exf5 20. Rxd5 Nxb3 21. Rcd1 Nc5 22. Be5 Qb7 23. Nd6 Bxd6 24. Bxd6 Nxa4 25. Bxf8 Nc3 26. Qd3 Qxd5 27. Bxb4 Qxd3 28. Rxd3 Ne4 29. f3 Ng5 30. Kf2 Rc2+ 31. Bd2 h5 32. Ke2 Ne6 33. Rd5 g6 34. Kd3 Rc8 35. Ba5 Rc5 36. e4 fxe4+ 37. fxe4 f5 38. Rd6 fxe4+ 39. Ke3 Rxa5 40. Rxe6 Kf7 41. Rxe4 Kf6 42. Rc4 Re5+ 43. Kf3 g5 44. Rc6+ Re6 45. Rc8 a5 46. Ra8 Re5 47. h3 Ke7 48. Ra7+ Kd6 49. Rh7 Kc5 50. Rxh5 a4 51. Rh8 a3 52. h4 gxh4 53. Rxh4 Kb5 54. Kf4 Re1 55. Rh2 Kb4 56. g4 Kb3 57. g5 a2 58. Rxa2 Kxa2 59. Kf5 Rg1 60. g6 Rxg6 61. Kxg6 1/2-1/2

[Event "AUT-ch Zwisch Internet"]
[Site "Playchess.com INT"]
[Date "2020.05.02"]
[Round "7"]
[White "Schneider Zinner, Harald"]
[Black "Borrmann, Laurenz"]
[Result "1-0"]
[WhiteElo "2381"]
[BlackElo "1880"]
[PlyCount "65"]
[EventDate "2020.05.02"]
[EventType "swiss (blitz)"]
[EventRounds "13"]
[EventCountry "AUT"]
[SourceTitle "CBM 195 Extra"]
[Source "ChessBase"]
[SourceDate "2020.05.31"]
[SourceVersion "1"]
[SourceVersionDate "2020.05.31"]
[SourceQuality "1"]

1. d4 Nf6 2. Nf3 g6 3. Bg5 Bg7 4. Nbd2 d5 5. e3 Bf5 6. Bd3 Nbd7 7. 0-0 Ne4 8. Bf4 Ndf6 9. Be5 0-0 10. Bxe4 Bxe4 11. Bxf6 Bxf3 12. Nxf3 Bxf6 13. Qd3 c6 14. c4 Qd7 15. Rfc1 Rfd8 16. Rc2 Rac8 17. Rac1 e6 18. h3 Kg7 19. b4 Be7 20. c5 f6 21. a4 a6 22. Rb1 Ra8 23. Rcb2 Rdb8 24. b5 Qc7 25. bxa6 Rxa6 26. Qxa6 bxa6 27. Rxb8 Qa5 28. R1b7 Kf7 29. Ra7 Qxa4 30. Rbb7 Qd1+ 31. Kh2 g5 32. Rxe7+ Kg6 33. g4 1-0

[Event "AUT-ch Zwisch Internet"]
[Site "Playchess.com INT"]
[Date "2020.05.02"]
[Round "10"]
[White "Schneider Zinner, Harald"]
[Black "Schein, Karl Heinz"]
[Result "1-0"]
[WhiteElo "2381"]
[BlackElo "2187"]
[PlyCount "77"]
[EventDate "2020.05.02"]
[EventType "swiss (blitz)"]
[EventRounds "13"]
[EventCountry "AUT"]
[SourceTitle "CBM 195 Extra"]
[Source "ChessBase"]
[SourceDate "2020.05.31"]
[SourceVersion "1"]
[SourceVersionDate "2020.05.31"]
[SourceQuality "1"]

1. d4 e6 2. g3 f5 3. Bg2 Nf6 4. Bg5 d5 5. Nh3 Bd6 6. Nf4 c6 7. Nd2 0-0 8. Nf3 Bxf4 9. Bxf4 Bd7 10. Ne5 Be8 11. Qd2 Nbd7 12. Nxd7 Qxd7 13. Be5 Rc8 14. 0-0 c5 15. c3 cxd4 16. cxd4 Ne4 17. Qb4 Ng5 18. Bd6 Rf7 19. Rac1 Ne4 20. Bf4 Rc6 21. Rxc6 bxc6 22. Qb8 Rf8 23. Qb4 Bh5 24. f3 Nf6 25. Rc1 Rc8 26. Qc5 Be8 27. b4 Qb7 28. b5 Nd7 29. bxc6 Qb2 30. Qc2 Qxc2 31. Rxc2 Nb6 32. c7 Nc4 33. e3 Bc6 34. Bf1 e5 35. Bxe5 Nxe5 36. dxe5 Bd7 37. Ba6 Re8 38. c8Q Bxc8 39. Rxc8 1-0

[Event "AUT-ch Vor3 Internet"]
[Site "Playchess.com INT"]
[Date "2020.04.17"]
[Round "6"]
[White "Blohberger, Felix"]
[Black "Schneider Zinner, Harald"]
[Result "1-0"]
[WhiteElo "2448"]
[BlackElo "2381"]
[PlyCount "85"]
[EventDate "2020.04.17"]
[EventType "swiss (blitz)"]
[EventRounds "9"]
[EventCountry "AUT"]
[SourceTitle "CBM 195 Extra"]
[Source "ChessBase"]
[SourceDate "2020.05.31"]
[SourceVersion "1"]
[SourceVersionDate "2020.05.31"]
[SourceQuality "1"]

1. d4 d5 2. c4 e6 3. Nc3 Nf6 4. cxd5 exd5 5. Bg5 Be7 6. Qc2 c6 7. e3 0-0 8. Bd3 Nbd7 9. Nge2 Re8 10. 0-0 Nf8 11. f3 g6 12. Rae1 Ne6 13. Bh4 b5 14. Qc1 Bb7 15. Nf4 Ng7 16. Bf2 Rc8 17. Kh1 a6 18. e4 dxe4 19. fxe4 c5 20. d5 Ng4 21. Bg3 Ne5 22. Bb1 Bd6 23. Nd1 c4 24. Ne3 b4 25. Qd1 a5 26. Nc2 Ba6 27. Rf2 Nd3 28. Nxd3 Bxg3 29. hxg3 cxd3 30. Nd4 Qg5 31. Bxd3 Bxd3 32. Qxd3 Nh5 33. Kh2 Nf6 34. Rf4 Nxd5 35. exd5 Rxe1 36. Nf3 Qh6+ 37. Rh4 Rcc1 38. Nxe1 Qg5 39. Nf3 Qf6 40. d6 Rc8 41. Rf4 Qe6 42. Re4 Qxa2 43. d7 1-0

[Event "AUT-ch Vor3 Internet"]
[Site "Playchess.com INT"]
[Date "2020.04.17"]
[Round "5"]
[White "Schneider Zinner, Harald"]
[Black "Diermair, Andreas"]
[Result "1/2-1/2"]
[WhiteElo "2381"]
[BlackElo "2465"]
[PlyCount "96"]
[EventDate "2020.04.17"]
[EventType "swiss (blitz)"]
[EventRounds "9"]
[EventCountry "AUT"]
[SourceTitle "CBM 195 Extra"]
[Source "ChessBase"]
[SourceDate "2020.05.31"]
[SourceVersion "1"]
[SourceVersionDate "2020.05.31"]
[SourceQuality "1"]

1. d4 Nf6 2. Nf3 e6 3. c4 c5 4. e3 g6 5. Nc3 b6 6. d5 exd5 7. cxd5 Bg7 8. Be2 d6 9. 0-0 0-0 10. Qc2 Re8 11. a4 Na6 12. Qd2 Nb4 13. Rb1 Bf5 14. Ra1 a6 15. h3 Qd7 16. Nh4 Be4 17. Bf3 g5 18. Nxe4 Rxe4 19. Bxe4 Nxe4 20. Qe2 gxh4 21. Qh5 Qe7 22. Rd1 Qf6 23. f3 Ng3 24. Qg4 Nc2 25. Rb1 b5 26. e4 Ne2+ 27. Kh1 Nxc1 28. Rdxc1 Nd4 29. axb5 axb5 30. Ra1 Rb8 31. b4 Nb3 32. e5 Qxe5 33. Re1 Qxd5 34. Rad1 Nd4 35. bxc5 dxc5 36. Qxh4 b4 37. Qg3 Rd8 38. Re4 h5 39. Rde1 b3 40. Re5 Qd6 41. Re7 Qf6 42. Qc7 Rf8 43. Qxc5 Nxf3 44. gxf3 Qxf3+ 45. Kh2 Qf4+ 46. Kh1 Qf3+ 47. Kh2 Qf4+ 48. Kh1 Qf3+ 1/2-1/2

[Event "AUT-ch Vor3 Internet"]
[Site "Playchess.com INT"]
[Date "2020.04.17"]
[Round "1"]
[White "Schneider Zinner, Harald"]
[Black "Egger, Stefanie"]
[Result "1-0"]
[WhiteElo "2381"]
[BlackElo "1442"]
[PlyCount "27"]
[EventDate "2020.04.17"]
[EventType "swiss (blitz)"]
[EventRounds "9"]
[EventCountry "AUT"]
[SourceTitle "CBM 195 Extra"]
[Source "ChessBase"]
[SourceDate "2020.05.31"]
[SourceVersion "1"]
[SourceVersionDate "2020.05.31"]
[SourceQuality "1"]

1. d4 d5 2. c4 e6 3. Nf3 Nf6 4. g3 c5 5. cxd5 exd5 6. Bg2 Nc6 7. 0-0 Be6 8. Nc3 b6 9. Bg5 Be7 10. Ne5 Rc8 11. Qa4 Qc7 12. Bxf6 Bxf6 13. Nxd5 Bxe5 14. Nxc7+ 1-0

[Event "AUT-ch Vor3 Internet"]
[Site "Playchess.com INT"]
[Date "2020.04.17"]
[Round "8"]
[White "Schneider Zinner, Harald"]
[Black "Wimmer, Kevin"]
[Result "1-0"]
[WhiteElo "2381"]
[BlackElo "1944"]
[PlyCount "91"]
[EventDate "2020.04.17"]
[EventType "swiss (blitz)"]
[EventRounds "9"]
[EventCountry "AUT"]
[SourceTitle "CBM 195 Extra"]
[Source "ChessBase"]
[SourceDate "2020.05.31"]
[SourceVersion "1"]
[SourceVersionDate "2020.05.31"]
[SourceQuality "1"]

1. d4 d5 2. c4 e6 3. g3 Nf6 4. Bg2 Be7 5. Nf3 0-0 6. 0-0 dxc4 7. Qc2 a6 8. a4 Bd7 9. Rd1 Bc6 10. Bg5 Nbd7 11. Qxc4 Bd5 12. Qc1 c5 13. dxc5 Nxc5 14. Nc3 Nb3 15. Qb1 Nxa1 16. Qxa1 Qc7 17. e4 Nxe4 18. Nxd5 exd5 19. Bf4 Bd6 20. Be3 Nf6 21. Bd4 Ne4 22. b3 f6 23. Qa2 Rac8 24. b4 Qc2 25. Qxd5+ Kh8 26. Be3 Rcd8 27. Ne1 Qe2 28. Bxe4 Be7 29. Rd2 Rxd5 30. Rxe2 Rd1 31. Kg2 Bxb4 32. Nd3 Bc3 33. Nf4 Rdd8 34. Nd5 Be5 35. Rc2 Rc8 36. Rd2 g6 37. f4 Ba1 38. Kf3 Bc3 39. Rd3 Ba1 40. Bb6 Kg7 41. Nc7 Rfe8 42. Rd7+ Kh6 43. g4 Red8 44. Re7 Rd1 45. h4 g5 46. Rxh7# 1-0

[Event "AUT-ch Vor2 Internet"]
[Site "Playchess.com INT"]
[Date "2020.04.13"]
[Round "3"]
[White "Schneider Zinner, Harald"]
[Black "Horvath, Maria"]
[Result "1-0"]
[WhiteElo "2381"]
[BlackElo "1995"]
[PlyCount "95"]
[EventDate "2020.04.13"]
[EventType "swiss (blitz)"]
[EventRounds "9"]
[EventCountry "AUT"]
[SourceTitle "CBM 195 Extra"]
[Source "ChessBase"]
[SourceDate "2020.05.31"]
[SourceVersion "1"]
[SourceVersionDate "2020.05.31"]
[SourceQuality "1"]

1. d4 d5 2. Nf3 c6 3. c4 e6 4. Nbd2 f5 5. b3 Nf6 6. Bb2 Bd6 7. Ne5 0-0 8. Ndf3 Nbd7 9. e3 Ne4 10. Bd3 Ndf6 11. 0-0 Bd7 12. Qc2 Be8 13. Ne1 Bh5 14. f3 Ng5 15. cxd5 cxd5 16. Rc1 Qe7 17. Qf2 Rac8 18. Qh4 h6 19. e4 dxe4 20. fxe4 fxe4 21. Bc4 a6 22. a4 e3 23. Nc2 e2 24. Rfe1 Rb8 25. Bxe2 Bxe2 26. Rxe2 b5 27. Ng6 Qa7 28. Nxf8 Rxf8 29. axb5 axb5 30. Ne3 Qa2 31. Ng4 Qxb3 32. Nxf6+ Rxf6 33. d5 exd5 34. Bxf6 gxf6 35. Qh5 Kg7 36. Qg4 Be5 37. h4 Qa3 38. Rce1 Qc5+ 39. Kh1 Kf7 40. hxg5 hxg5 41. Rxe5 fxe5 42. Qf5+ Kg7 43. Qxe5+ Kg6 44. Qe6+ Kh5 45. Qh3+ Kg6 46. Re6+ Kf7 47. Qf5+ Kg7 48. Qg6+ 1-0

[Event "AUT-ch Vor1 Internet"]
[Site "Playchess.com INT"]
[Date "2020.04.11"]
[Round "6"]
[White "Poecksteiner, Johann"]
[Black "Schneider Zinner, Harald"]
[Result "1-0"]
[WhiteElo "2155"]
[BlackElo "2381"]
[PlyCount "99"]
[EventDate "2020.04.11"]
[EventType "swiss (blitz)"]
[EventRounds "9"]
[EventCountry "AUT"]
[SourceTitle "CBM 195 Extra"]
[Source "ChessBase"]
[SourceDate "2020.05.31"]
[SourceVersion "1"]
[SourceVersionDate "2020.05.31"]
[SourceQuality "1"]

1. d4 d5 2. Nf3 Nf6 3. Bf4 c5 4. e3 Nc6 5. c3 Qb6 6. b3 Bf5 7. Nbd2 e6 8. h3 cxd4 9. exd4 Be7 10. Ne5 0-0 11. g4 Be4 12. f3 Bg6 13. h4 Nxd4 14. cxd4 Qxd4 15. Bg3 Rfc8 16. Nxg6 hxg6 17. Bf2 Qf4 18. Bd3 Bb4 19. Ke2 Rc7 20. Be3 Qe5 21. f4 Qb2 22. Kf3 Rac8 23. Qe2 e5 24. a3 e4+ 25. Kg2 exd3 26. Qxd3 Qc3 27. Qxc3 Bxc3 28. Rad1 d4 29. Bg1 Nd5 30. Ne4 Nxf4+ 31. Kf3 Ne6 32. h5 g5 33. h6 gxh6 34. Rxh6 Kg7 35. Rh5 Rh8 36. Bh2 Rxh5 37. gxh5 Rc8 38. Be5+ Kh6 39. Nf6 Rc5 40. Ke4 g4 41. Nxg4+ Kxh5 42. Rg1 Ng5+ 43. Kf5 f6 44. Nxf6+ Kh6 45. Ng8+ Kh7 46. Rxg5 d3 47. Nf6+ Kh6 48. Ng4+ Kh7 49. Nf6+ Kh6 50. Rg6# 1-0

[Event "AUT-ch Vor1 Internet"]
[Site "Playchess.com INT"]
[Date "2020.04.11"]
[Round "2"]
[White "Rieger, Robert"]
[Black "Schneider Zinner, Harald"]
[Result "1-0"]
[WhiteElo "2307"]
[BlackElo "2381"]
[PlyCount "59"]
[EventDate "2020.04.11"]
[EventType "swiss (blitz)"]
[EventRounds "9"]
[EventCountry "AUT"]
[SourceTitle "CBM 195 Extra"]
[Source "ChessBase"]
[SourceDate "2020.05.31"]
[SourceVersion "1"]
[SourceVersionDate "2020.05.31"]
[SourceQuality "1"]

1. e4 e5 2. Nf3 d6 3. d4 exd4 4. Nxd4 Nf6 5. Nc3 Nc6 6. g3 Be7 7. Bg2 Nxd4 8. Qxd4 0-0 9. h3 Re8 10. Be3 Bf8 11. 0-0-0 c5 12. Qd3 Bd7 13. g4 Bc6 14. g5 Nd7 15. h4 a6 16. f4 b5 17. h5 b4 18. Nd5 Bxd5 19. Qxd5 Nb6 20. Qd3 c4 21. Qd4 Nd7 22. g6 fxg6 23. hxg6 h6 24. Qxc4+ Kh8 25. Bd4 Nf6 26. Rxh6+ gxh6 27. Qf7 Bg7 28. Rh1 h5 29. Bxf6 h4 30. Qxg7# 1-0

[Event "AUT-ch Vor1 Internet"]
[Site "Playchess.com INT"]
[Date "2020.04.11"]
[Round "7"]
[White "Schneider Zinner, Harald"]
[Black "Balint, Peter1111"]
[Result "1-0"]
[WhiteElo "2381"]
[BlackElo "2105"]
[PlyCount "29"]
[EventDate "2020.04.11"]
[EventType "swiss (blitz)"]
[EventRounds "9"]
[EventCountry "AUT"]
[SourceTitle "CBM 195 Extra"]
[Source "ChessBase"]
[SourceDate "2020.05.31"]
[SourceVersion "1"]
[SourceVersionDate "2020.05.31"]
[SourceQuality "1"]

1. d4 Nf6 2. Nf3 g6 3. Bg5 Bg7 4. Nbd2 0-0 5. c3 d5 6. e3 c5 7. Bd3 h6 8. Bh4 cxd4 9. exd4 Nc6 10. 0-0 Kh8 11. Re1 Re8 12. b4 a6 13. a4 Nb8 14. Ne5 Nbd7 15. Nxf7+ 1-0

[Event "AUT-ch Vor1 Internet"]
[Site "Playchess.com INT"]
[Date "2020.04.11"]
[Round "9"]
[White "Schneider Zinner, Harald"]
[Black "Hechl, Gerald"]
[Result "1-0"]
[WhiteElo "2381"]
[BlackElo "2333"]
[PlyCount "39"]
[EventDate "2020.04.11"]
[EventType "swiss (blitz)"]
[EventRounds "9"]
[EventCountry "AUT"]
[SourceTitle "CBM 195 Extra"]
[Source "ChessBase"]
[SourceDate "2020.05.31"]
[SourceVersion "1"]
[SourceVersionDate "2020.05.31"]
[SourceQuality "1"]

1. d4 b6 2. Nf3 Bb7 3. g3 e6 4. Bg2 g6 5. 0-0 Bg7 6. c4 Ne7 7. Nc3 d6 8. e4 Nd7 9. Qc2 a6 10. Be3 h6 11. Rad1 0-0 12. Rfe1 e5 13. dxe5 Nxe5 14. Nxe5 Bxe5 15. Bxh6 Re8 16. Be3 Kg7 17. f4 Bxc3 18. Qxc3+ Kh7 19. Qf6 Kg8 20. Bd4 1-0

[Event "AUT-chT 1920"]
[Site "Austria"]
[Date "2020.01.12"]
[Round "8.5"]
[White "Schneider Zinner, Harald"]
[Black "Mostbauer, Florian"]
[Result "0-1"]
[WhiteElo "2385"]
[BlackElo "2375"]
[PlyCount "116"]
[EventDate "2019.10.10"]
[EventType "team-tourn"]
[EventRounds "11"]
[EventCountry "AUT"]
[SourceTitle "CBM 194 Extra"]
[Source "ChessBase"]
[SourceDate "2020.03.31"]
[SourceVersion "1"]
[SourceVersionDate "2020.03.31"]
[SourceQuality "1"]
[WhiteTeam "Wien Ottakring"]
[BlackTeam "Ansfelden"]
[WhiteTeamCountry "AUT"]
[BlackTeamCountry "AUT"]

1. c4 c6 2. e4 d5 3. exd5 cxd5 4. cxd5 Nf6 5. Nc3 Nxd5 6. Nf3 Nc6 7. Bc4 e6 8. 0-0 Be7 9. d4 0-0 10. Re1 Ncb4 11. Bb3 b6 12. a3 Nxc3 13. bxc3 Nd5 14. c4 Nf6 15. Qe2 Bb7 16. Bb2 Qc7 17. Rad1 Rae8 18. Ne5 Rd8 19. Rd3 Ne4 20. Re3 f5 21. f3 Nf6 22. Nd3 Bd6 23. g3 Bc8 24. Rxe6 Bxe6 25. Qxe6+ Kh8 26. Ne5 Bxe5 27. Rxe5 Rfe8 28. Qxf5 Rxe5 29. Qxe5 Qd7 30. d5 Re8 31. Qf4 Qe7 32. Bxf6 gxf6 33. Kg2 Kg7 34. d6 Qe2+ 35. Kh3 Qe6+ 36. g4 Qe3 37. Qf5 Qxb3 38. Qd7+ Kf8 39. Qf5 Kg7 40. Qd7+ Kf8 41. Qc6 Rd8 42. d7 Ke7 43. Qe4+ Kxd7 44. Qb7+ Ke8 45. Qc6+ Rd7 46. Qxf6 Qxa3 47. Qe6+ Qe7 48. Qg8+ Qf8 49. Qe6+ Kd8 50. Qc6 Qd6 51. Qa8+ Ke7 52. Qh8 Qh6+ 53. Kg3 Kf7 54. h4 Rd2 55. Kh3 Rd7 56. Qe5 Re7 57. Qd5+ Kg7 58. h5 Qf6 0-1

[Event "AUT-chT2O 1920"]
[Site "Austria"]
[Date "2019.10.20"]
[Round "2.3"]
[White "Newrkla, Katharina"]
[Black "Schneider Zinner, Harald"]
[Result "0-1"]
[WhiteElo "2217"]
[BlackElo "2392"]
[PlyCount "64"]
[EventDate "2019.10.19"]
[EventType "team-tourn"]
[EventRounds "11"]
[EventCountry "AUT"]
[SourceTitle "CBM 192 Extra"]
[Source "Chessbase"]
[SourceDate "2019.11.06"]
[SourceVersion "1"]
[SourceVersionDate "2019.11.06"]
[SourceQuality "1"]
[WhiteTeam "Wien Austria"]
[BlackTeam "Wien Ottakring"]
[WhiteTeamCountry "AUT"]
[BlackTeamCountry "AUT"]

1. d4 Nf6 2. Bg5 d5 3. Bxf6 gxf6 4. c4 e5 5. e3 Bb4+ 6. Nc3 exd4 7. exd4 Qe7+ 8. Qe2 dxc4 9. Qxe7+ Kxe7 10. Bxc4 Be6 11. d5 Bf5 12. Nf3 Nd7 13. Nd4 Bg6 14. 0-0-0 f5 15. f4 Kf6 16. Be2 h5 17. h4 Bd6 18. g3 a6 19. Bd3 Rhg8 20. Rhf1 Bh7 21. Nde2 Nc5 22. Bc2 b5 23. b4 Ne4 24. Nxe4+ fxe4 25. Rd4 Rae8 26. Nc3 Rxg3 27. Nxe4+ Bxe4 28. Bxe4 Rg4 29. Bd3 Rxh4 30. Kc2 Rh2+ 31. Kb3 Re3 32. a3 h4 0-1

[Event "AUT-chT 1819"]
[Site "Austria"]
[Date "2018.11.17"]
[Round "3.4"]
[White "Ceschia, Ivano"]
[Black "Schneider Zinner, Harald"]
[Result "1/2-1/2"]
[WhiteElo "2307"]
[BlackElo "2396"]
[PlyCount "60"]
[EventDate "2018.11.15"]
[EventType "team-tourn"]
[EventRounds "11"]
[EventCountry "AUT"]
[SourceTitle "CBM 187 Extra"]
[Source "ChessBase"]
[SourceDate "2018.11.04"]
[SourceVersion "1"]
[SourceVersionDate "2018.11.04"]
[SourceQuality "1"]
[WhiteTeam "St Veit"]
[BlackTeam "Wien Ottakring"]
[WhiteTeamCountry "AUT"]
[BlackTeamCountry "AUT"]

1. e4 e6 2. d4 d5 3. Nd2 c5 4. exd5 exd5 5. Ngf3 Nc6 6. Bb5 Qe7+ 7. Be2 Qc7 8. 0-0 Nf6 9. Re1 cxd4 10. Nb3 Be7 11. Nbxd4 0-0 12. c3 h6 13. Bd3 Bg4 14. h3 Bxf3 15. Qxf3 Nxd4 16. cxd4 Rfe8 17. Bf4 Qb6 18. Be5 Bb4 19. Re2 Re6 20. a3 Bf8 21. Rae1 g6 22. Bb1 Bg7 23. Ba2 Rd8 24. Rc1 Rc6 25. Rec2 Rdc8 26. Rxc6 Rxc6 27. Rxc6 Qxc6 28. Bxf6 Bxf6 29. Bxd5 Qc1+ 30. Kh2 Kg7 1/2-1/2

[Event "AUT-chT 1819"]
[Site "Austria"]
[Date "2018.11.16"]
[Round "2.2"]
[White "Schneider Zinner, Harald"]
[Black "Mueller, Philipp1111"]
[Result "1-0"]
[WhiteElo "2396"]
[BlackElo "2207"]
[PlyCount "85"]
[EventDate "2018.11.15"]
[EventType "team-tourn"]
[EventRounds "11"]
[EventCountry "AUT"]
[SourceTitle "CBM 187 Extra"]
[Source "ChessBase"]
[SourceDate "2018.11.04"]
[SourceVersion "1"]
[SourceVersionDate "2018.11.04"]
[SourceQuality "1"]
[WhiteTeam "Wien Ottakring"]
[BlackTeam "Goetzis"]
[WhiteTeamCountry "AUT"]
[BlackTeamCountry "AUT"]

1. d4 Nf6 2. c4 e6 3. Nc3 Bb4 4. Nf3 0-0 5. g3 d5 6. Bg2 c5 7. dxc5 Na6 8. 0-0 dxc4 9. Ne5 Nxc5 10. Nxc4 Bd7 11. Be3 Rc8 12. Nd6 Rc7 13. a3 Bxc3 14. Bxc5 Bc6 15. Bxc6 Rxc6 16. Nxb7 Qxd1 17. Rfxd1 Bxb2 18. Ra2 Be5 19. Bxf8 Kxf8 20. Na5 Rc3 21. Rd3 Rc5 22. Nb3 Rc4 23. Nd2 Rc5 24. Nf3 Bc7 25. Kg2 Bb6 26. a4 Nd5 27. Rb3 Nc3 28. Ra1 Nxe2 29. a5 Bxa5 30. Rb8+ Ke7 31. Rb7+ Kf6 32. Rxa7 Bc3 33. Rd1 Rd5 34. Rb1 Rd8 35. Rbb7 Rf8 36. Rc7 Bd4 37. Ra2 Nc3 38. Rc2 Nb5 39. Rb7 Na3 40. Rcc7 e5 41. g4 g6 42. Rc6+ Kg7 43. Ng5 1-0

[Event "St Veit op 37th"]
[Site "St Veit"]
[Date "2018.07.11"]
[Round "6"]
[White "Mazi, Leon"]
[Black "Schneider Zinner, Harald"]
[Result "1-0"]
[WhiteElo "2317"]
[BlackElo "2413"]
[PlyCount "59"]
[EventDate "2018.07.07"]
[EventType "swiss"]
[EventRounds "9"]
[EventCountry "AUT"]
[SourceTitle "EXT 2019"]
[Source "ChessBase"]
[SourceDate "2018.10.10"]
[SourceVersion "1"]
[SourceVersionDate "2018.10.10"]
[SourceQuality "1"]

1. e4 e6 2. d4 d5 3. Nd2 c5 4. exd5 Qxd5 5. Ngf3 cxd4 6. Bc4 Qd6 7. 0-0 Nf6 8. Nb3 Nc6 9. Nbxd4 Nxd4 10. Nxd4 a6 11. Re1 Qc7 12. Bf1 Bd6 13. Nf5 Bxh2+ 14. Kh1 0-0 15. Nxg7 Rd8 16. Qf3 Kxg7 17. Bh6+ Kg6 18. Bd3+ Rxd3 19. cxd3 e5 20. Kxh2 Ng4+ 21. Kg1 Kxh6 22. Rac1 Qd7 23. Re4 Qf5 24. Qg3 Be6 25. f3 Qg5 26. Rc7 Nf6 27. Qh2+ Nh5 28. Rxe5 Qg6 29. Rcc5 f5 30. g4 1-0

[Event "St Veit op 37th"]
[Site "St Veit"]
[Date "2018.07.09"]
[Round "4"]
[White "Wertjanz, David"]
[Black "Schneider Zinner, Harald"]
[Result "1/2-1/2"]
[WhiteElo "2335"]
[BlackElo "2413"]
[PlyCount "110"]
[EventDate "2018.07.07"]
[EventType "swiss"]
[EventRounds "9"]
[EventCountry "AUT"]
[SourceTitle "EXT 2019"]
[Source "ChessBase"]
[SourceDate "2018.10.10"]
[SourceVersion "1"]
[SourceVersionDate "2018.10.10"]
[SourceQuality "1"]

1. e4 e6 2. d4 d5 3. Nd2 c5 4. c3 cxd4 5. cxd4 dxe4 6. Nxe4 Bb4+ 7. Nc3 Nf6 8. Bd3 0-0 9. Nf3 Nbd7 10. 0-0 b6 11. Re1 Bb7 12. Bc2 Bxc3 13. bxc3 Qc7 14. Qd3 Rac8 15. Bb2 Rfd8 16. Rac1 Qf4 17. Qe3 Qg4 18. h3 Qh5 19. c4 b5 20. cxb5 Qxb5 21. Bb3 Bd5 22. Ne5 Qb7 23. Qg3 Bxb3 24. Qxb3 Qxb3 25. axb3 Nxe5 26. dxe5 Nd5 27. Bd4 Rb8 28. Bxa7 Rxb3 29. Bc5 g5 30. Bd6 Kg7 31. Rb1 Rxb1 32. Rxb1 Rc8 33. g3 h5 34. Kg2 Rc2 35. Rb3 g4 36. hxg4 hxg4 37. Kg1 Ra2 38. f3 gxf3 39. Rxf3 Kg6 40. Rf2 Ra1+ 41. Kh2 Ne3 42. Rf6+ Kg7 43. Rf4 Rc1 44. Be7 Rc4 45. Bf6+ Kg6 46. Rxc4 Nxc4 47. g4 Nb6 48. Be7 Nc4 49. Bf6 Ne3 50. Kg3 Nd5 51. Bd8 Kg7 52. Bh4 Kg6 53. Kf3 Nb4 54. Kf4 Nd5+ 55. Kg3 Nc3 1/2-1/2

[Event "AUT-chT 1718"]
[Site "Austria"]
[Date "2018.04.05"]
[Round "9.1"]
[White "Schneider Zinner, Harald"]
[Black "Yankelevich, Lev"]
[Result "1/2-1/2"]
[WhiteElo "2408"]
[BlackElo "2440"]
[PlyCount "61"]
[EventDate "2017.11.16"]
[EventType "team-tourn"]
[EventRounds "11"]
[EventCountry "AUT"]
[SourceTitle "EXT 2019"]
[Source "ChessBase"]
[SourceDate "2018.10.10"]
[SourceVersion "1"]
[SourceVersionDate "2018.10.10"]
[SourceQuality "1"]
[WhiteTeam "Wien Ottakring"]
[BlackTeam "Wulkaprodersdorf"]
[WhiteTeamCountry "AUT"]
[BlackTeamCountry "AUT"]

1. Nf3 Nf6 2. g3 d5 3. d4 c5 4. c3 cxd4 5. cxd4 Nc6 6. Bg2 Bf5 7. Nc3 h6 8. Ne5 e6 9. Bf4 Rc8 10. 0-0 Be7 11. Qd2 Bb4 12. Rfc1 0-0 13. a3 Nxe5 14. Bxe5 Be7 15. Bxf6 Bxf6 16. e3 Qd7 17. Bf1 Rc7 18. Na2 Rfc8 19. Rxc7 Rxc7 20. Rc1 Rxc1 21. Nxc1 e5 22. dxe5 Bxe5 23. Ne2 Bg4 24. Bg2 Bxe2 25. Qxe2 d4 26. Qd2 Qd6 27. e4 d3 28. Bf1 Bxb2 29. a4 Qd4 30. Bxd3 Ba3 31. Qc2 1/2-1/2